Galloway : Facebook's valuation is 'outrageous' /

Scott Galloway, chairman of Firebrand Partners, talks with Bloomberg's Stephanie Ruhle and Scarlet Fu about Facebook's growth and valuation. They speak on Bloomberg Television's 'Market Makers.'

Bibliographic Details
Corporate Author: Bloomberg News (Firm) (Producer)
Other Authors: Fu, Scarlet (Speaker), Ruhle, Stephanie (Speaker)
Format: Video
Language:English
Language Notes:In English.
Published: New York : Bloomberg, 2012.
Series:Business and education in video
Subjects:
Online Access:Connect to this streaming video (Alexander Street Press)

MARC

Tag First Indicator Second Indicator Subfields
LEADER 00000cgm a2200000Ma 4500
001 in00005562425
006 m o c
007 cr |na---||a|a
007 vz |za|z|
008 140428s2012 nyu006 e o vueng d
005 20241201232202.9
035 |a (OCoLC)ocn890730539 
040 |a ALSTP  |b eng  |e pn  |c ALSTP  |d OCLCO  |d OCLCF  |d OCLCQ  |d OCLCO  |d OCLCA  |d OCLCQ  |d AU@  |d WYU  |d OCLCO  |d OCLCL 
035 |a (OCoLC)890730539 
050 4 |a HF 
049 |a TXAM 
245 0 0 |a Galloway :  |b Facebook's valuation is 'outrageous' /  |c produced by Bloomberg. 
260 |a New York :  |b Bloomberg,  |c 2012. 
300 |a 1 online resource (6 min.). 
306 |a 000604 
336 |a two-dimensional moving image  |b tdi  |2 rdacontent 
337 |a computer  |b c  |2 rdamedia 
338 |a online resource  |b cr  |2 rdacarrier 
490 0 |a Business and education in video 
500 |a Title from resource description page (viewed Apr. 28, 2014). 
520 |a Scott Galloway, chairman of Firebrand Partners, talks with Bloomberg's Stephanie Ruhle and Scarlet Fu about Facebook's growth and valuation. They speak on Bloomberg Television's 'Market Makers.' 
546 |a In English. 
650 0 |a Advertising. 
650 0 |a Going public (Securities) 
650 0 |a Product management. 
650 0 |a Valuation. 
650 6 |a Appel public à l'épargne. 
650 6 |a Produits commerciaux  |x Gestion. 
650 6 |a Évaluation. 
650 7 |a Advertising.  |2 fast  |0 (OCoLC)fst00797511 
650 7 |a Going public (Securities)  |2 fast  |0 (OCoLC)fst00944353 
650 7 |a Product management.  |2 fast  |0 (OCoLC)fst01078225 
650 7 |a Valuation.  |2 fast  |0 (OCoLC)fst01163863 
655 7 |a Television news programs.  |2 fast  |0 (OCoLC)fst01710455 
655 7 |a Television news programs.  |2 lcgft 
655 7 |a Téléjournaux.  |2 rvmgf 
700 1 |a Fu, Scarlet.  |4 spk 
700 1 |a Ruhle, Stephanie.  |4 spk 
710 2 |a Bloomberg News (Firm)  |4 pro 
758 |i has work:  |a Galloway: Facebook's Valuation Is 'Outrageous' (MovingImage)  |1 https://id.oclc.org/worldcat/entity/E39PD3TGpgj6M7Xktkkhh8MHG3  |4 https://id.oclc.org/worldcat/ontology/hasWork 
856 4 0 |u http://proxy.library.tamu.edu/login?url=https://www.aspresolver.com/aspresolver.asp?BUSV;2342911  |z Connect to this streaming video (Alexander Street Press)  |t 0 
955 |a Alexander Street Press subscription streaming video 
994 |a 92  |b TXA 
999 f f |s 1fc8f16e-0a3f-49de-9484-81c36dd09e2a  |i 390d7f1a-6a87-442e-a76e-cde212ab4eb2  |t 0 
952 f f |a Texas A&M University  |b College Station  |c Electronic Resources  |d Available Online  |t 0  |e HF   |h Library of Congress classification 
998 f f |a HF   |t 0  |l Available Online